[Event "Adelaide Checkmate op"]
[Site "Adelaide"]
[Date "2007.07.08"]
[Round "7"]
[White "Hvistendahl, Robert"]
[Black "Garcia Blanco, Miguel"]
[Result "1-0"]
[WhiteElo "1855"]
[BlackElo "1699"]
[PlyCount "69"]
[EventDate "2007.07.07"]
[EventType "swiss"]
[EventRounds "7"]
[EventCountry "AUS"]
[SourceTitle "EXT 2010"]
[Source "ChessBase"]
[SourceDate "2010.11.25"]
[SourceVersion "1"]
[SourceVersionDate "2010.11.25"]
[SourceQuality "1"]

1. e4 e6 2. d4 d5 3. Nc3 Nf6 4. Bg5 Be7 5. e5 Nfd7 6. h4 0-0 7. Bd3 f5 8. exf6 Nxf6 9. Nf3 Nbd7 10. Qe2 Nb6 11. Ne5 c5 12. Bxf6 Rxf6 13. Qh5 Rh6 14. Qf7+ Kh8 15. Qf3 Rf6 16. Qh5 g6 17. Nxg6+ Kg7 18. Nxe7 Qxe7 19. Qxh7+ Kf8 20. Qxe7+ Kxe7 21. dxc5 Nd7 22. b4 a5 23. h5 Rh6 24. b5 Nxc5 25. Bg6 a4 26. g4 d4 27. Ne4 Nxe4 28. Bxe4 e5 29. g5 Rh8 30. h6 Bd7 31. g6 Kf6 32. g7 Rhd8 33. Kd2 Bxb5 34. Rag1 Bc4 35. h7 1-0

[Event "Adelaide Checkmate op"]
[Site "Adelaide"]
[Date "2007.07.07"]
[Round "3"]
[White "Dizdarevic, Mehmedalija"]
[Black "Hvistendahl, Robert"]
[Result "0-1"]
[WhiteElo "1956"]
[BlackElo "1855"]
[PlyCount "61"]
[EventDate "2007.07.07"]
[EventType "swiss"]
[EventRounds "7"]
[EventCountry "AUS"]
[SourceTitle "EXT 2010"]
[Source "ChessBase"]
[SourceDate "2010.11.25"]
[SourceVersion "1"]
[SourceVersionDate "2010.11.25"]
[SourceQuality "1"]

1. e4 c5 2. Nf3 d6 3. d4 cxd4 4. Nxd4 Nf6 5. Nc3 a6 6. Bc4 e6 7. Bb3 Qc7 8. Bg5 Nbd7 9. Qf3 b5 10. 0-0-0 Bb7 11. Rhe1 h6 12. Qh3 Nc5 13. f3 Nxb3+ 14. axb3 Be7 15. g4 0-0-0 16. Be3 d5 17. exd5 Nxd5 18. Nxd5 Bxd5 19. Kb1 Kb8 20. Qf1 Qxh2 21. Nxb5 axb5 22. Qxb5+ Bb7 23. Qa4 Qc7 24. Qa7+ Kc8 25. Bb6 Rxd1+ 26. Rxd1 Qb8 27. Qa4 Bd6 28. Qd4 Bxf3 29. Rd3 Bd5 30. c4 Bc6 31. Ba7 0-1

[Event "Sydney op"]
[Site "Parramatta"]
[Date "2007.04.11"]
[Round "2"]
[White "Hvistendahl, Robert"]
[Black "Kumar, Karishma"]
[Result "1-0"]
[WhiteElo "1856"]
[BlackElo "765"]
[PlyCount "141"]
[EventDate "2007.04.10"]
[EventType "swiss"]
[EventRounds "9"]
[EventCountry "AUS"]
[SourceTitle "EXT 2023"]
[Source "ChessBase"]
[SourceDate "2022.10.05"]
[SourceVersion "1"]
[SourceVersionDate "2022.10.05"]
[SourceQuality "1"]

1. e4 e5 2. Nf3 Nc6 3. Bb5 d6 4. d4 Bd7 5. d5 Nce7 6. Bxd7+ Qxd7 7. c4 Nf6 8. Nc3 Ng6 9. 0-0 Be7 10. b4 0-0 11. h3 a6 12. a3 b5 13. Qe2 Rab8 14. Be3 c6 15. dxc6 Qxc6 16. cxb5 Qxc3 17. Bd2 Nf4 18. Bxf4 exf4 19. Rfc1 Qb3 20. Nd4 Qa4 21. Rc7 Bd8 22. Ra7 Rxb5 23. Nxb5 Qxb5 24. Qxb5 axb5 25. Re1 Re8 26. Rb7 Rxe4 27. Rxe4 Nxe4 28. Rb8 Kf8 29. Rxd8+ Ke7 30. Rb8 Nc3 31. Kf1 d5 32. Rb6 d4 33. Ke1 Kd7 34. Rb7+ Ke8 35. f3 g6 36. Kd2 Nb1+ 37. Kd3 Nxa3 38. Kxd4 Nc2+ 39. Kc5 Na3 40. Kd5 Kf8 41. Ke5 Kg7 42. Kxf4 Kh6 43. Rxf7 Nc2 44. Rb7 Nxb4 45. Rxb5 Nd3+ 46. Ke3 Ne1 47. g3 Nc2+ 48. Kd3 Ne1+ 49. Ke4 Nc2 50. Rb2 Na3 51. Kd4 Kh5 52. Kc3 h6 53. Rb3 Kg5 54. Rxa3 h5 55. Ra5+ Kh6 56. h4 Kh7 57. Kd4 Kh6 58. Ke4 Kh7 59. Kf4 Kh6 60. Ra6 Kh7 61. Kg5 Kg7 62. Ra7+ Kf8 63. Kf6 Ke8 64. Rh7 Kd8 65. Ke6 Kc8 66. Kd6 g5 67. hxg5 h4 68. gxh4 Kb8 69. Kc6 Ka8 70. Kb6 Kb8 71. Rh8# 1-0

[Event "Australian op"]
[Site "Tuggeranong"]
[Date "2007.01.09"]
[Round "11"]
[White "Lin, Zhigen Wilson"]
[Black "Hvistendahl, Robert"]
[Result "1-0"]
[WhiteElo "2066"]
[BlackElo "1829"]
[PlyCount "49"]
[EventDate "2006.12.28"]
[EventType "swiss"]
[EventRounds "11"]
[EventCountry "AUS"]
[SourceTitle "CBM 116 Extra"]
[Source "ChessBase"]
[SourceDate "2007.03.07"]
[SourceVersion "1"]
[SourceVersionDate "2007.03.07"]
[SourceQuality "1"]

1. e4 e5 2. Nf3 Nc6 3. Bb5 a6 4. Ba4 Nf6 5. 0-0 Nxe4 6. d4 b5 7. Bb3 d5 8. dxe5 Be6 9. Nbd2 Bc5 10. Nxe4 dxe4 11. Bxe6 fxe6 12. Ng5 Qxd1 13. Rxd1 0-0 14. Nxe4 Bb6 15. Kf1 Nxe5 16. f3 Nc4 17. b3 Ne3+ 18. Bxe3 Bxe3 19. Rd7 c5 20. Rad1 b4 21. Re7 Bd4 22. Rxe6 Rae8 23. Rxe8 Rxe8 24. Re1 h6 25. Nf6+ 1-0

[Event "Australian op"]
[Site "Tuggeranong"]
[Date "2007.01.07"]
[Round "9"]
[White "Mendes da Costa, Alex"]
[Black "Hvistendahl, Robert"]
[Result "1/2-1/2"]
[WhiteElo "2038"]
[BlackElo "1829"]
[PlyCount "126"]
[EventDate "2006.12.28"]
[EventType "swiss"]
[EventRounds "11"]
[EventCountry "AUS"]
[SourceTitle "CBM 116 Extra"]
[Source "ChessBase"]
[SourceDate "2007.03.07"]
[SourceVersion "1"]
[SourceVersionDate "2007.03.07"]
[SourceQuality "1"]

1. a3 Nf6 2. g3 e5 3. Bg2 d5 4. d3 c6 5. Bg5 h6 6. Bxf6 Qxf6 7. e4 Bc5 8. Nf3 0-0 9. 0-0 Bg4 10. Nbd2 Qe6 11. c4 Nd7 12. b4 Bb6 13. Qb3 d4 14. Kh1 c5 15. Ng1 Rab8 16. f4 f5 17. exf5 Qxf5 18. h3 Qh5 19. Ne4 exf4 20. bxc5 Nxc5 21. Nxc5 Bxc5 22. Rxf4 Rxf4 23. gxf4 Kh8 24. Rf1 b6 25. Qb2 Re8 26. Bf3 Bxf3+ 27. Rxf3 Re3 28. Qg2 Kh7 29. Rxe3 dxe3 30. d4 Bxa3 31. Qe4+ Qg6 32. Qxe3 Bd6 33. c5 bxc5 34. dxc5 Bc7 35. Nf3 a5 36. Ne5 Qf5 37. c6 a4 38. Kg2 Qc2+ 39. Kf3 Qb3 40. Qxb3 axb3 41. Nc4 Kg6 42. Ke4 Kf6 43. Nb2 Ke6 44. Nc4 Bd8 45. f5+ Kf6 46. h4 h5 47. Nb2 Bc7 48. Nc4 Ke7 49. Kf3 Bb8 50. Ke4 Bg3 51. Kd3 Bxh4 52. Kc3 Bg5 53. Kxb3 h4 54. Ne5 Kd6 55. Nf7+ Kxc6 56. Nxg5 Kd5 57. Kc3 Ke5 58. Nf3+ Kxf5 59. Nxh4+ Kg4 60. Ng2 g5 61. Ne3+ Kf3 62. Kd3 g4 63. Nxg4 Kxg4 1/2-1/2

[Event "Australian op"]
[Site "Tuggeranong"]
[Date "2007.01.05"]
[Round "8"]
[White "Hvistendahl, Robert"]
[Black "Dizdarevic, Monika"]
[Result "0-1"]
[WhiteElo "1829"]
[BlackElo "2110"]
[PlyCount "50"]
[EventDate "2006.12.28"]
[EventType "swiss"]
[EventRounds "11"]
[EventCountry "AUS"]
[SourceTitle "CBM 116 Extra"]
[Source "ChessBase"]
[SourceDate "2007.03.07"]
[SourceVersion "1"]
[SourceVersionDate "2007.03.07"]
[SourceQuality "1"]

1. e4 d5 2. exd5 Nf6 3. d4 Bg4 4. f3 Bf5 5. Bb5+ Nbd7 6. Nc3 a6 7. Ba4 b5 8. Bb3 Nb6 9. g4 Bc8 10. a4 b4 11. a5 Nbxd5 12. Nxd5 Nxd5 13. Ba4+ Bd7 14. Ne2 e6 15. Nf4 Qh4+ 16. Kf1 Bd6 17. Nxd5 Qh3+ 18. Kf2 exd5 19. Bxd7+ Kxd7 20. Qf1 Qh4+ 21. Kg2 h5 22. Qd3 hxg4 23. Qf5+ Kc6 24. fxg4 Qh3+ 25. Kf2 Bg3+ 0-1

[Event "Australian op"]
[Site "Tuggeranong"]
[Date "2007.01.04"]
[Round "7"]
[White "Oliver, Gareth"]
[Black "Hvistendahl, Robert"]
[Result "0-1"]
[WhiteElo "2146"]
[BlackElo "1829"]
[PlyCount "80"]
[EventDate "2006.12.28"]
[EventType "swiss"]
[EventRounds "11"]
[EventCountry "AUS"]
[SourceTitle "CBM 116 Extra"]
[Source "ChessBase"]
[SourceDate "2007.03.07"]
[SourceVersion "1"]
[SourceVersionDate "2007.03.07"]
[SourceQuality "1"]

1. d4 d5 2. Nf3 c6 3. Bg5 Qb6 4. Qc1 Bg4 5. c3 Nd7 6. Nbd2 Ngf6 7. e3 e6 8. h3 Bxf3 9. gxf3 Be7 10. f4 c5 11. Bd3 Rc8 12. Nf3 Ne4 13. Bxe7 Kxe7 14. 0-0 Rhg8 15. Kh1 h6 16. Qc2 Ndf6 17. Nd2 cxd4 18. exd4 g5 19. Nxe4 Nxe4 20. Bxe4 dxe4 21. f5 exf5 22. f3 Qe6 23. Rae1 e3 24. f4 Kf6 25. Qe2 Qe4+ 26. Qf3 Rce8 27. fxg5+ hxg5 28. Kg2 Qxf3+ 29. Rxf3 f4 30. Kf1 Kf5 31. Ke2 Ke4 32. Rg1 f5 33. Rgf1 Rh8 34. a4 Rh5 35. d5 Kxd5 36. Rd1+ Ke6 37. Rd4 Reh8 38. Rf1 Rxh3 39. Rfd1 Rh2+ 40. Kd3 Rxb2 0-1

[Event "Doeberl Cup 44th"]
[Site "Canberra"]
[Date "2006.04.17"]
[Round "7"]
[White "Hvistendahl, Robert"]
[Black "Fischer, Andre"]
[Result "1/2-1/2"]
[WhiteElo "1705"]
[BlackElo "2183"]
[PlyCount "24"]
[EventDate "2006.04.14"]
[EventType "swiss"]
[EventRounds "7"]
[EventCountry "AUS"]
[SourceTitle "CBM 111 Extra"]
[Source "ChessBase"]
[SourceDate "2006.05.09"]
[SourceVersion "1"]
[SourceVersionDate "2006.05.09"]
[SourceQuality "1"]

1. e4 e6 2. d4 d5 3. Nc3 Bb4 4. e5 c5 5. a3 cxd4 6. axb4 dxc3 7. Nf3 Ne7 8. Qd4 Qc7 9. b5 Nd7 10. bxc3 0-0 11. Bd3 Ng6 12. Ba3 Re8 1/2-1/2

[Event "Sydney Surrey Hills op"]
[Site "Surrey Hills"]
[Date "2006.04.02"]
[Round "7"]
[White "Hvistendahl, Robert"]
[Black "Song, Angela"]
[Result "0-1"]
[WhiteElo "1649"]
[BlackElo "1962"]
[PlyCount "54"]
[EventDate "2006.02.19"]
[EventType "swiss"]
[EventRounds "9"]
[EventCountry "AUS"]
[SourceTitle "EXT 2008"]
[Source "ChessBase"]
[SourceDate "2007.11.25"]
[SourceVersion "1"]
[SourceVersionDate "2007.11.25"]
[SourceQuality "1"]

1. e4 d5 2. exd5 Qxd5 3. Nc3 Qa5 4. d4 c6 5. Bc4 Bf5 6. Bd2 e6 7. Qe2 Bb4 8. 0-0-0 Nd7 9. d5 cxd5 10. Nxd5 Bxd2+ 11. Rxd2 0-0-0 12. Nf3 exd5 13. Rxd5 Nc5 14. Rxf5 Nb3+ 15. Bxb3 Qxf5 16. Qc4+ Kb8 17. Qxf7 Qxf7 18. Bxf7 Nf6 19. Ne5 Rd6 20. Rd1 Kc7 21. Rxd6 Kxd6 22. f4 Rf8 23. g3 g5 24. Kd2 gxf4 25. gxf4 Nd7 26. Nc4+ Ke7 27. Bd5 Rxf4 0-1

[Event "Stratagem Masters-B U20"]
[Site "Australia"]
[Date "2006.??.??"]
[Round "6"]
[White "Brown, Andrew"]
[Black "Hvistendahl, Robert"]
[Result "1-0"]
[WhiteElo "1670"]
[BlackElo "1705"]
[PlyCount "51"]
[EventDate "2006.??.??"]
[EventType "tourn"]
[EventRounds "9"]
[EventCountry "AUS"]
[SourceTitle "EXT 2008"]
[Source "ChessBase"]
[SourceDate "2007.11.25"]
[SourceVersion "1"]
[SourceVersionDate "2007.11.25"]
[SourceQuality "1"]

1. d4 Nf6 2. Nf3 g6 3. Bg5 Bg7 4. Nbd2 0-0 5. e4 d6 6. Bc4 c6 7. a4 Nbd7 8. e5 dxe5 9. dxe5 Nd5 10. Qe2 h6 11. Be3 Qc7 12. e6 fxe6 13. 0-0 Ne5 14. Nxe5 Qxe5 15. c3 Nxe3 16. Qxe3 Qxe3 17. fxe3 Rxf1+ 18. Kxf1 Kf8 19. Ne4 b6 20. Rd1 Ke8 21. Kf2 e5 22. Ng3 Bg4 23. Rd2 Rd8 24. Bf7+ Kxf7 25. Rxd8 Ke6 26. h3 1-0

[Event "Doeberl Cup Minor 41st"]
[Site "Canberra"]
[Date "2003.04.21"]
[Round "7.3"]
[White "Hvistendahl, Robert"]
[Black "Forace, Lee"]
[Result "1/2-1/2"]
[WhiteElo "1439"]
[BlackElo "1565"]
[PlyCount "32"]
[EventDate "2003.04.18"]
[EventType "swiss"]
[EventRounds "7"]
[EventCountry "AUS"]
[SourceTitle "EXT 2006"]
[Source "ChessBase"]
[SourceDate "2005.11.24"]
[SourceVersion "1"]
[SourceVersionDate "2005.11.24"]
[SourceQuality "1"]

1. e4 c5 2. Nf3 e6 3. b3 d5 4. exd5 exd5 5. Bb5+ Nd7 6. Qe2+ Qe7 7. d4 Qxe2+ 8. Kxe2 a6 9. Bd3 cxd4 10. Nxd4 Bc5 11. Nf5 g6 12. Bb2 Ngf6 13. Nd4 0-0 14. Re1 Ne5 15. Nd2 Nxd3 16. Kxd3 Bd7 1/2-1/2

[Event "AUS-ch U18"]
[Site "Adelaide"]
[Date "2003.01.14"]
[Round "2"]
[White "Umapathysivam, Mahesh"]
[Black "Hvistendahl, Robert"]
[Result "0-1"]
[WhiteElo "1043"]
[BlackElo "1364"]
[PlyCount "48"]
[EventDate "2003.01.??"]
[EventType "swiss"]
[EventRounds "11"]
[EventCountry "AUS"]
[SourceTitle "EXT 2006"]
[Source "ChessBase"]
[SourceDate "2005.11.24"]
[SourceVersion "1"]
[SourceVersionDate "2005.11.24"]
[SourceQuality "1"]

1. e4 d6 2. Nf3 Nf6 3. Nc3 g6 4. Bc4 Bg7 5. d4 0-0 6. Bf4 Nxe4 7. Nxe4 d5 8. Bxc7 Qxc7 9. Bxd5 Rd8 10. Bb3 h6 11. Qd3 Bf5 12. 0-0-0 Qf4+ 13. Nfd2 Rxd4 14. g3 Bxe4 15. gxf4 Bxd3 16. cxd3 Rxd3 17. Rhg1 Kf8 18. Rg3 Rd4 19. Ne4 Nc6 20. Bd5 Rxd1+ 21. Kxd1 Rd8 22. Rd3 Nb4 23. Rb3 Nxd5 24. Rxb7 Nc3+ 0-1